|
|
|
|
| LEADER |
02766nam a22004093i 4500 |
| 001 |
EBC30469287 |
| 003 |
MiAaPQ |
| 005 |
20231204023230.0 |
| 006 |
m o d | |
| 007 |
cr cnu|||||||| |
| 008 |
231204s2023 xx o ||||0 eng d |
| 020 |
|
|
|a 9783839459270
|q (electronic bk.)
|
| 035 |
|
|
|a (MiAaPQ)EBC30469287
|
| 035 |
|
|
|a (Au-PeEL)EBL30469287
|
| 035 |
|
|
|a (OCoLC)1353268726
|
| 040 |
|
|
|a MiAaPQ
|b eng
|e rda
|e pn
|c MiAaPQ
|d MiAaPQ
|
| 082 |
0 |
|
|a 365.45
|
| 100 |
1 |
|
|a Anderl, Gabriele.
|
| 245 |
1 |
0 |
|a Internment Refugee Camps :
|b Historical and Contemporary Perspectives.
|
| 250 |
|
|
|a 1st ed.
|
| 264 |
|
1 |
|a Bielefeld :
|b transcript Verlag,
|c 2023.
|
| 264 |
|
4 |
|c Ã2022.
|
| 300 |
|
|
|a 1 online resource (314 pages)
|
| 336 |
|
|
|a text
|b txt
|2 rdacontent
|
| 337 |
|
|
|a computer
|b c
|2 rdamedia
|
| 338 |
|
|
|a online resource
|b cr
|2 rdacarrier
|
| 490 |
1 |
|
|a Histoire Series ;
|v v.192
|
| 505 |
0 |
|
|a Intro -- Contents -- Introduction -- Part I The polysemic function (character) of camps -- Internment practices during the First and Second World Wars -- Austrians in Trinidadian internment during the Second World War -- Rehabilitation through labour -- United Nations versus the Federal Agency -- Can camp life create a common world? -- Part II (Dis)empowering role of humanitarian intervention -- Interventions by non-governmental organisations in state-run internment camps in France -- Reconstructing Lives, Creating Citizens -- Civilian internees, common criminals or dangerous communists? -- Vicious circles of disempowerment -- Enhancing agency and empowerment in refugee camps as total institutions - real or illusory? -- Part III Strategies of coping and resistance -- Undesirable asylum-seekers from National Socialist Germany in France -- Singing and dancing for freedom of movement -- Room(s) for children? -- Part IV Pathways and transitions -- Cycles of incarceration -- Forced to flee and deemed suspect -- Filling the gap -- The life and afterlife of a twentieth-century French camp: Gurs -- Hard time in the Big Easy -- Annex -- Index of Names -- Short Biographies of contributors and editors.
|
| 588 |
|
|
|a Description based on publisher supplied metadata and other sources.
|
| 590 |
|
|
|a Electronic reproduction. Ann Arbor, Michigan : ProQuest Ebook Central, 2023. Available via World Wide Web. Access may be limited to ProQuest Ebook Central affiliated libraries.
|
| 655 |
|
4 |
|a Electronic books.
|
| 700 |
1 |
|
|a Erker, Linda.
|
| 700 |
1 |
|
|a Reinprecht, Christoph.
|
| 776 |
0 |
8 |
|i Print version:
|a Anderl, Gabriele
|t Internment Refugee Camps
|d Bielefeld : transcript Verlag,c2023
|
| 797 |
2 |
|
|a ProQuest (Firm)
|
| 830 |
|
0 |
|a Histoire Series
|
| 856 |
4 |
0 |
|u https://ebookcentral.proquest.com/lib/matrademy/detail.action?docID=30469287
|z Click to View
|